| 000 | 00483nam a2200181Ia 4500 | ||
|---|---|---|---|
| 008 | 240729s9999 xx 000 0 und d | ||
| 022 | _a2709-4715 | ||
| 245 | 0 | _aGigaByte | |
| 260 | _aHong Kong | ||
| 260 | _bGigaScience Press | ||
| 650 | _a Electronic computers. Computer science | ||
| 650 | _a Instruments and machines | ||
| 650 | _a Mathematics | ||
| 650 | _aScience | ||
| 856 | _uhttps://doaj.org/toc/720d21465b4d4331a0d9d49c3da3c60c | ||
| 942 | _2ddc | ||
| 942 | _cDOAJEJ | ||
| 999 |
_c73569 _d73569 |
||
| 945 |
_a1 _bMadushi Gamage _c1 _dMadushi Gamage |
||